Logo BPK

Biblioteka

Politechniki Koszalińskiej

Podatkowa księga przychodów i rozchodów w 1998 roku / (Rekord nr 32851)

Szczegóły MARC
000 -ETYKIETA REKORDU
podpole kontrolne o stałej długości 00841nam a2200265 i 4500
001 - NUMER KONTROLNY REKORDU
pole kontrolne bg
020 ## - MIĘDZYNARODOWY ZNORMALIZOWANY NUMER KSIĄŻKI - ISBN
ISBN 8387173479
040 ## - ŹRÓDŁO KATALOGOWANIA
Instytucja, która utworzyła rekord BPK
041 0# - KOD JĘZYKA
Kod języka tekstu pl
080 ## - UNIWERSALNA KLASYFIKACJA DZIESIĘTNA - UKD
UKD 342.951:351.72:336.2:657](438)
920 ## - Międzynarodowy znormalizowany numer książki – ISBN
ISBN 83-87173-47-9
008 - POLE O STAŁEJ DŁUGOŚCI - DANE KONTROLNE
podpole kontrolne o stałej długości s pl f |000 0 pol
100 1# - NAZWA OSOBOWA
Nazwa osobowa KOZŁOWSKA, Jadwiga
245 10 - TYTUŁ/ODPOWIEDZIALNOŚĆ
Tytuł Podatkowa księga przychodów i rozchodów w 1998 roku /
Pozostałe elementy strefy tytułu i oznaczenia odpowiedzialności Jadwiga Kozłowska, Halina Napiórkowska, Bożena Radzewicz.
250 ## - STREFA WYDANIA
Oznaczenie wydania [Wyd. 4 zaktualiz.].
260 ## - STREFA ADRESU WYDAWNICZEGO
Miejsce wydania Warszawa :
Nazwa wydawcy/dystrybutora Difin,
Data publikacji, dystrybucji/powstania dokumentu 1998.
300 ## - STREFA OPISU FIZYCZNEGO
Objętość 307, [1] s., [1] k. tabl. złoż. ;
Rozmiary 21 cm.
490 1# - STREFA SERII I DOKUMENTU WIELOCZĘŚCIOWEGO - FORMA NIE DO WYSZUKIWANIA
Tytuł i oznaczenie odpowiedzialności serii Vademecum Podatnika ;
Numeracja w obrębie serii 100
650 #9 - HASŁO PRZEDMIOTOWE W FORMIE NAZWY OGÓLNEJ LUB JEDNOSTKOWEJ
Nazwa ogólna lub geograficzna Księgi podatkowe
Określnik ogólny prawo
Określnik geograficzny Polska
Określnik chronologiczny stan na 1998 r.
655 ## - TERMIN INDEKSOWY - OKREŚLENIE RODZAJU/FORMY DOKUMENTU
Określenie rodzaju/formy dokumentu Poradniki
700 1# - HASŁO DODATKOWE - NAZWA OSOBOWA
Nazwa osobowa NAPIÓRKOWSKA, Halina
700 1# - HASŁO DODATKOWE - NAZWA OSOBOWA
Nazwa osobowa RADZEWICZ, Bożena
830 ## - HASŁO DODATKOWE SERII LUB DOKUMENTU WIELOCZĘŚCIOWEGO - TYTUŁ UJEDNOLICONY
Tytuł ujednolicony Vademecum Podatnika ;
856 ## - LOKALIZACJA I DOSTĘP DO ELEKTRONICZNYCH DOKUMENTÓW ZDALNYCH
Link (URL) http://koha.tu.koszalin.pl/cgi-bin/koha/opac-detail.pl?biblionumber=32851
Tekst linku Katalog online BPK
942 ## - DODATKOWE ELEMENTY (KOHA)
Typ dokumentu Książka
Egzemplarze
Wycofany Status egzemplarza Uszkodzony Dostępność Lokalizacja stała Lokalizacja bieżąca Miejsce przechowywania Sygnatura Kod kreskowy Ostatnio wypożyczono Typ dokumentu
      Dostępny Biblioteka Politechniki Koszalińskiej Biblioteka Politechniki Koszalińskiej Wypożyczalnia BG 42362 01319538 15.12.2015 Książka
      Tylko na miejscu Biblioteka Politechniki Koszalińskiej Biblioteka Politechniki Koszalińskiej Czytelnia Wydziałowa ul. Kwiatkowskiego 6e 42363 01319521   Książka
      Dostępny Biblioteka Politechniki Koszalińskiej Biblioteka Politechniki Koszalińskiej Wypożyczalnia BG 42364 01319514   Książka
© 2023 Biblioteka Politechniki Koszalińskiej :: KOHA